00530cam a2200169 a 450000500170000000800410001701000140005802000260007203500130009803700130011104000080012410000210013224500790015326000440023230000330027650000510030920090924191526.0060803s2007 njua b 001 0 eng  aENG-95646 a9788120338463c395.00 aEN-79179 aDBAD/PUB aDPL aHalder, Gopinath aIntroduction to chemical engineering thermodynamics /cby Gopinath Haloder aNew Delhi :bPHI Learning P. Ltd.c2009 axviii, 650p. :c24 cm. (Pbk) aIncludes bibliography references and indexes.